000 00452pab a2200169 454500
008 180718b2011 xxu||||| |||| 00| 0 eng d
100 _aFlorio, Massimo
245 _aThe future of public enterprises: Contributions to a new discourse
260 _c2011
300 _ap.361-373.
362 _aDec
650 _aPublic sector
700 _aFecher, Fabienne
773 _aAnnals of Public and Cooperative Economics
908 _aN
909 _a94289
999 _c94289
_d94289